Представление документа в формате MARC21

Поле Инд. ПП Название Значение
Тип записи a
Библиографический уровень a
001 Контрольный номер 960de9c323e044f5937c4455a8f908ce
005 Дата корректировки 20160405095232.1
020 a ISBN 5-903004-07-5 (ч. 1)
040 a Служба первич. каталог. НБ ТвГУ
b Код языка каталог. rus
e Правила каталог. PSBO
041 0_ a Код языка текста rus
097 b Оператор korjnina
100 1_ a Автор Белл Марина Леонидовна
q Полное имя Белл М. Л.
245 10 a Заглавие Миграция - стратегический вызов для России
260 a Место издания Москва
b Издательство Ин-т бизнеса и политики
504 a Библиография Библиогр. в примеч.: с. 133-134 (34 назв.)
520 0_ a Аннотация Статья представляет эмпирические исследования этносоциальных процессов в Москве, которые проводятся в рамках изучения проблем этничности Москвы.
653 0_ a Ключевые слова Этнология
a Ключевые слова Этносоциальные процессы
a Ключевые слова Москва, город
a Ключевые слова Миграции
a Ключевые слова Миграционная политика
a Ключевые слова Эмпирические исследования
773 18 w Контрольный № источника 402d8319-a098-43df-9d19-ecf29f0cc59e
t Название источника Россия и современный мир
d Место и дата издания Москва : Ин-т бизнеса и политики, 2006
g Прочая информация Ч. 1. - С. 118-134
901 t Тип документа a
920 a Оператор Корж